| 000 | 00504nam a22001697a 4500 | ||
|---|---|---|---|
| 005 | 20250221114253.0 | ||
| 008 | 250221b |||||||| |||| 00| 0 eng d | ||
| 020 | _a9781975112547 | ||
| 040 | _cPK-LaUMT | ||
| 082 |
_a616.9101 _bFIE- |
||
| 245 |
_aFields virology : Vol.1= Emerging viruses; Vol.2=DNA viruses / _cedited by Peter M. Howley and David M. Knipe |
||
| 250 | _a7th ed. | ||
| 260 |
_aPhiladelphia : _bWolters Kluwer, _c2021 |
||
| 300 | _a2 vols. (826+739 p.) | ||
| 546 | _aEng | ||
| 942 | _cBK | ||
| 999 |
_c136965 _d136965 |
||